| 000 | 00373nam a2200157Ia 4500 | ||
|---|---|---|---|
| 008 | 230917s9999||||xx |||||||||||||| ||und|| | ||
| 040 |
_e80464 _aMAIN |
||
| 041 | _aEnglish | ||
| 082 | _a342 W119A | ||
| 100 | _aWade, HWR | ||
| 245 | 0 | _aAdministrative law | |
| 250 | _a4th ed. | ||
| 260 |
_aOxford _bOxford University Press _c1977 |
||
| 300 | _ali, 855 p. | ||
| 942 | _cBK | ||
| 999 |
_c223165 _d223165 |
||